20 najlepiej ocenianych filmów na Netflix - Statystyki

Ogólne statystyki
  • Ten quiz został rozwiązany 7 razy
  • Średni wynik to 6 z 20
Statystyki odpowiedzi
L.p. Ocena Tytuł % Poprawnych
7. 8,26 Django
50%
2. 8,55 Forrest Gump
50%
8. 8,25 Incepcja
50%
10. 8,15 Ojciec
50%
1. 8,64 Ojciec chrzestny
50%
5. 8,35 Pulp Fiction
50%
15. 8,11 Chłopiec w pasiastej piżamie
33%
9. 8,25 Człowiek z blizną
33%
3. 8,46 Ojciec chrzestny II
33%
13. 8,13 Buntownik z wyboru
17%
6. 8,29 Cud w celi nr 7
17%
4. 8,36 David Attenborough: Życie na naszej planecie
17%
14. 8,12 Gladiator
17%
11. 8,13 Klaus
17%
20. 8,00 Księżniczka Mononoke
17%
19. 8,02 Pamiętnik
17%
18. 8,08 Przebudzenia
17%
17. 8,09 Spirited Away: W krainie Bogów
17%
12. 8,13 Whiplash
17%
16. 8,09 Zapach kobiety
17%
Nie znaleziono quizów pasujących do podanych kryteriów
Rozkład punktacji
Procent ludzi z każdym wynikiem
Percentyl według liczby udzielonych odpowiedzi
Twoja historia wyników
Nie rozwiązałeś tego quizu